| 000 | 01440nam a2200121Ia 4500 | ||
|---|---|---|---|
| 008 | 220615s9999||||xx |||||||||||||| ||und|| | ||
| 100 | _aManca, Marina||Piscia, Roberta | ||
| 245 | 0 | _aBiological Communities Respond to Multiple Human-Induced Aquatic Environment Change | |
| 546 | _aEnglish[eng] | ||
| 650 | _amultivariate analyses||risk assessment||aquatic insects||crustaceans||lab-microcosms||nonmetric multidimensional scaling||adaptation||porous aquifer||PERMANOVA||Planktothrix rubescens||species conservation||distribution patterns of species||Cyanobacteria||fossil Cladocera||high throughput sequencing||machine learning model||stability||small lakes||environmental factor||non-metric multi-dimensional scaling (NMDS)||stream ecosystem||lake vulnerability||PCA||functional diversity||ecological resilience||nitrification||deep lake||metabolism||South–North Water Diversion Project||endemic species||EPT taxa||trophic interactions||stable isotope analysis||environmental change||bioassessment||generalized procrustes analysis||freshwater pollution||colonization||paleolimnology||Tychonema bourrellyi||plankton||subalpine lakes||random forest model||Danjiangkou Reservoir||trophic degree||multiple scale||biodiversity||copepods||zooplankton||groundwater||genetic variability||respirometry||ammonium impact||Stable Isotopes Analysis||trophic gradient||seasonality | ||
| 856 | _uhttps://mdpi.com/books/pdfview/book/2336 | ||
| 942 | _cEB | ||
| 999 |
_c8219 _d8219 |
||